| 000 | 01058nam a22003737a 4500 | ||
|---|---|---|---|
| 001 | 0031510 | ||
| 003 | KOHA_MİRAKIL | ||
| 005 | 20260207002803.0 | ||
| 007 | ta | ||
| 008 | 110819b2000 tu |||gr||||#||||0|tur | | ||
| 020 | _c0,01 | ||
| 040 |
_aTR-BiSEU _btur _cTR-BiSEU _erda |
||
| 041 | 0 | _atur | |
| 044 | _ctu | ||
| 050 |
_aKKX1472 _b.T86 2000 |
||
| 100 | 1 | _aTuncay, A. Can. | |
| 245 | 1 |
_aSosyal güvenlik hukuku dersleri/ _cA. Can Tuncay ; A. Can Tuncay. |
|
| 264 | 1 |
_aİstanbul : _bBeta _c2000 |
|
| 300 | _axxvi, 438 sayfa; 25 cm. | ||
| 336 |
_ametin _btxt _2rdacontent |
||
| 337 |
_aaracısız _bn _2rdamedia |
||
| 338 |
_acilt _bnc _2rdacarrier |
||
| 490 | 1 |
_aYayın ; _vno: 499. |
|
| 490 | 1 |
_aHukuk dz. ; _v216 |
|
| 500 | _aDizin var. | ||
| 500 | _aKaynakça var. | ||
| 650 | 0 |
_aLaw--Turkey. _94193 |
|
| 650 | 0 |
_aSocial security--Turkey. _96596 |
|
| 650 | 0 |
_aHukuk--Türkiye. _94192 |
|
| 650 | 0 |
_aSosyal güvenlik--Türkiye. _96598 |
|
| 830 | 1 |
_aYayın ; _vno: 499. _91557 |
|
| 830 | 1 |
_aHukuk dz. ; _v216 _924774 |
|
| 942 |
_2lcc _cBK |
||
| 999 |
_c31422 _d31422 |
||